000 00819nam a22002531 4500
001 22181
003 BD-RjUL
005 20250720145547.0
008 140306r19701825enk 000 0 eng d
035 _a(BD-RjUL)22246
040 _aDLC
_cDLC
_dBD-RjUL
_beng
041 _aeng
082 0 4 _a820.9007
_bHAS 1970
100 1 _aHazlitt, William
_d1778-1830.
_968455
245 1 4 _aThe spirit of the age :
_bor, Contemporary portraits /
_cWilliam Hazlitt
260 _aLondon :
_bOxford University ,
_c1825, [reprint 1966, 1970].
300 _a302 p. ;
_c18 cm.
650 _aEnglish literature
_y19th century
_zHistory and criticism.
_968456
651 0 _aGreat Britain
_xBiography.
_968457
651 0 _aGreat Britain
_xIntellectual life.
_968458
942 _2ddc
_cBK
999 _c22181
_d22181